000 008800am a2200229 004500
003 EG-GiCUC
008 080810s1979 ua g 000 0 ara d
040 _aEG-GiCUC
_bara
_cEG-GiCUC
043 _af-ua---
_af-----
092 0 4 _a304.64562
_bE32
_221
099 _a04
_a304.64562 E32
110 1 _aمصر.
_bوزارة الاسكان
245 1 0 _aتقرير اللجنة الفرعية للدراسات السكانية و الاجتماعية والتخطيط العمرانى :
_bملحق رقم / 1
_cوزارة الاسكان
260 _aالقاهرة :
_bالمحافظة :
_c1979
300 _a58ص ؛
_c30سم
651 7 _aمصر
_xالسكان
_vتقارير
_2qrmak
902 _a1
905 _aجمال
_eمدخل
905 _aجيهان
_eمراجع
942 _2ddc
_cBK
999 _c102156
_d102156